Word Ladder: 'Conjoined' 2016 Candidate II Quiz Stats

Quiz Updated Apr 5, 2016

Challenge
Share
Tweet
Embed
Score 0/11 Timer 03:00
0 Plays Today
▶▶ 4-letter clue ▶▶ Words (4 + 3) % Correct
Side benefit of the jobPERK~SIT
93.5%
Click to dispatch emailSEND~ERA
93%
Droplet of sweatBEAD~BAA
92.3%
Summit of a mountainPEAK~SAT
92.1%
Toucan's traitBEAK~BAT
92%
May be worse than a biteBARK~AIM
91.9%
Force a straight piece to be curvedBEND~BRA
90%
New York City's Central ____PARK~SIM
86.5%
Possible owl homeBARN~ARM
80.2%
★ Last name of the ... ★★ SANDERS ★
74.4%
★ First name of the ... ★★ BERNARD ★
68.8%

Today's Daily Dose

Missing Word
1971 Movies A-Z

Word Ladder
Complete Tour

Quick Pick
Logo Colors

On This Day
January 19th

You're not logged in!

Compare scores with friends on all Sporcle quizzes.
Sign Up with Email
OR
Log In

You Might Also Like...

Show Comments

Extras

Top Quizzes Today


Score Distribution

Your Account Isn't Verified!

In order to create a playlist on Sporcle, you need to verify the email address you used during registration. Go to your Sporcle Settings to finish the process.